Propedéutica administrativa: (Registro nro. 7293)
[ vista simple ]
| 000 -LEADER | |
|---|---|
| fixed length control field | 01051nam a22002657a 4500 |
| 003 - CONTROL NUMBER IDENTIFIER | |
| control field | OSt |
| 005 - DATE AND TIME OF LATEST TRANSACTION | |
| control field | 20210311081749.0 |
| 008 - FIXED-LENGTH DATA ELEMENTS--GENERAL INFORMATION | |
| fixed length control field | 210223s2011 ck ||||gr|||| 00| 0 spa d |
| 020 ## - INTERNATIONAL STANDARD BOOK NUMBER | |
| International Standard Book Number | 9789589974698 |
| Qualifying information | V.1 |
| 020 ## - INTERNATIONAL STANDARD BOOK NUMBER | |
| International Standard Book Number | 9789588709805 |
| Qualifying information | V.2 |
| 040 ## - CATALOGING SOURCE | |
| Original cataloging agency | CO-JMCR |
| Transcribing agency | CO-JMCR |
| 041 0# - LANGUAGE CODE | |
| Language code of text/sound track or separate title | spa |
| 082 04 - DEWEY DECIMAL CLASSIFICATION NUMBER | |
| Classification number | 342.06 / |
| Item number | A283p |
| Edition number | 23 |
| 100 1# - MAIN ENTRY--PERSONAL NAME | |
| Personal name | Aguilar Ángel, Álvaro, |
| Relator term | autor |
| 9 (RLIN) | 13809 |
| 245 10 - TITLE STATEMENT | |
| Title | Propedéutica administrativa: |
| Remainder of title | mi primer libro de Derecho Administrativo / |
| Statement of responsibility, etc. | Álvaro Aguilar Ángel, María del Rosario Correa Martínez. Nubia Rosero Puentes, [y 2 más] |
| 260 ## - PUBLICATION, DISTRIBUTION, ETC. | |
| Place of publication, distribution, etc. | Pereira, Colombia : |
| Name of publisher, distributor, etc. | Universidad Libre, |
| Date of publication, distribution, etc. | 2011 |
| 300 ## - PHYSICAL DESCRIPTION | |
| Extent | 2 volúmenes ; |
| Dimensions | 25 cm. |
| 500 ## - GENERAL NOTE | |
| General note | Notas a pie de pagina. |
| 505 0# - FORMATTED CONTENTS NOTE | |
| Miscellaneous information | V1. |
| Title | El derecho administrativo general |
| Miscellaneous information | V.2. |
| Title | El derecho administrativo colombiano |
| 650 24 - SUBJECT ADDED ENTRY--TOPICAL TERM | |
| Topical term or geographic name entry element | Derecho administrativo |
| Geographic subdivision | Colombia |
| 9 (RLIN) | 8206 |
| 650 24 - SUBJECT ADDED ENTRY--TOPICAL TERM | |
| Topical term or geographic name entry element | Rama ejecutiva |
| 9 (RLIN) | 13810 |
| Geographic subdivision | Colombia |
| 700 1# - ADDED ENTRY--PERSONAL NAME | |
| Personal name | Correa Martínez, María del Rosario, |
| Relator term | autora |
| 9 (RLIN) | 14707 |
| 700 1# - ADDED ENTRY--PERSONAL NAME | |
| Personal name | Rosero Puentes, Nubia, |
| Relator term | autora |
| 9 (RLIN) | 14708 |
| 942 ## - ADDED ENTRY ELEMENTS (KOHA) | |
| Source of classification or shelving scheme | Dewey Decimal Classification |
| Koha item type | Books |
| Withdrawn status | Lost status | Source of classification or shelving scheme | Damaged status | Not for loan | Home library | Current library | Shelving location | Date acquired | Source of acquisition | Full call number | Barcode | Date last seen | Copy number | Price effective from | Koha item type | Collection code |
|---|---|---|---|---|---|---|---|---|---|---|---|---|---|---|---|---|
| Dewey Decimal Classification | Biblioteca Pública José María del Castillo y Rada | Biblioteca Pública José María del Castillo y Rada | General Stacks | 10/02/2020 | Donación | 342.06 / A283p | 201810584 | 05/16/2024 | V.2 / Ej.1 | 10/02/2020 | Books | |||||
| Dewey Decimal Classification | Biblioteca Pública José María del Castillo y Rada | Biblioteca Pública José María del Castillo y Rada | General Stacks | 10/02/2020 | Donación | 342.06 / A283p | 201810798 | 05/16/2024 | V.1 / Ej.1 | 10/02/2020 | Books | Non-fiction |